|
|
|
|
| LEADER |
00996pam a22003378a 4500 |
| 001 |
00035381 |
| 005 |
20171026081025.0 |
| 008 |
161205s2010 ||||||Viesd |
| 020 |
# |
# |
|c 55000
|
| 041 |
0 |
# |
|a Vie
|
| 082 |
1 |
4 |
|a 808.004
|b H561D
|
| 100 |
1 |
# |
|a Lê, Tuấn
|
| 245 |
1 |
0 |
|a Hướng dẫn viết luận hiệu quả và 80 bài luận mẫu
|c Lê Tuấn; Hoàng Phương
|b How to Write Essays
|
| 260 |
# |
# |
|a Hà Nội
|c 2010
|b Thanh niên
|
| 300 |
# |
# |
|a 388tr.
|c 21cm.
|
| 653 |
# |
# |
|a Bài luận
|
| 653 |
# |
# |
|a Essays
|
| 653 |
# |
# |
|a Tiếng Anh
|
| 653 |
# |
# |
|a Ngữ văn
|
| 653 |
# |
# |
|a Ký năng
|
| 700 |
1 |
# |
|a Hoàng Phương
|
| 852 |
# |
# |
|j KM.0019791
|j KD.0019014
|j KM.0019792
|
| 852 |
# |
# |
|b Kho đọc
|j KD.0019014
|
| 852 |
# |
# |
|b Kho mượn
|j KM.0019791, KM.0019792
|
| 910 |
|
|
|d 05/12/2016
|
| 980 |
# |
# |
|a Trung tâm Học liệu Lê Vũ Hùng, Trường Đại học Đồng Tháp
|